[Event "BCF-ch Seniors 50 U150"]
[Site "Coventry"]
[Date "2015.07.31"]
[Round "5"]
[White "Stanley, Nigel E"]
[Black "Fowler, David J"]
[Result "1/2-1/2"]
[WhiteElo "147"]
[BlackElo "1692"]
[PlyCount "60"]
[EventDate "2015.07.27"]
[EventType "swiss"]
[EventRounds "5"]
[EventCountry "ENG"]
[SourceTitle "CBM 167 Extra"]
[Source "ChessBase"]
[SourceDate "2015.09.14"]
[SourceVersion "1"]
[SourceVersionDate "2015.09.14"]
[SourceQuality "1"]

1. e4 e6 2. d4 d5 3. Nd2 Nf6 4. e5 Nfd7 5. Ngf3 c5 6. c3 Nc6 7. Bb5 cxd4 8. cxd4 Qb6 9. Bxc6 bxc6 10. 0-0 c5 11. Nb3 cxd4 12. Qxd4 Ba6 13. Re1 Qxd4 14. Nfxd4 Bb4 15. Re3 Rc8 16. a3 Bc5 17. Nxc5 Nxc5 18. b4 Na4 19. b5 Bb7 20. Rg3 Rc4 21. Nb3 Rc3 22. Rxc3 Nxc3 23. Nc5 Ba8 24. Bd2 Ne4 25. Nxe4 dxe4 26. Be3 a6 27. b6 Kd7 28. Rc1 Bc6 29. Kf1 Rc8 30. Ke1 Bd5 1/2-1/2

[Event "BCF-ch Seniors 50 U150"]
[Site "Coventry"]
[Date "2015.07.30"]
[Round "4"]
[White "Leanse, Martin D"]
[Black "Stanley, Nigel E"]
[Result "0-1"]
[WhiteElo "127"]
[BlackElo "147"]
[PlyCount "88"]
[EventDate "2015.07.27"]
[EventType "swiss"]
[EventRounds "5"]
[EventCountry "ENG"]
[SourceTitle "CBM 167 Extra"]
[Source "ChessBase"]
[SourceDate "2015.09.14"]
[SourceVersion "1"]
[SourceVersionDate "2015.09.14"]
[SourceQuality "1"]

1. e4 c5 2. d4 cxd4 3. c3 dxc3 4. Nxc3 Nc6 5. Nf3 d6 6. Bc4 e6 7. Qe2 Nf6 8. 0-0 Be7 9. Rd1 e5 10. h3 0-0 11. Bg5 Be6 12. Bxf6 Bxf6 13. Nd5 Bxd5 14. Bxd5 Qb6 15. Rac1 Rac8 16. Bxc6 Rxc6 17. Rxc6 Qxc6 18. Qd2 Rd8 19. Qd3 h6 20. Rd2 Qd7 21. Qd5 Qc6 22. b4 Qxd5 23. Rxd5 Be7 24. a3 Rc8 25. Rd3 Rc4 26. Re3 Kf8 27. Re2 Rc1+ 28. Kh2 Bd8 29. Ne1 Rc3 30. Nc2 Bb6 31. a4 a5 32. bxa5 Bxa5 33. Ne3 Ke8 34. Nf5 Kd7 35. Nxg7 Rd3 36. Rb2 Kc6 37. Rc2+ Rc3 38. Rb2 Rc4 39. f3 Rxa4 40. Nf5 h5 41. Rc2+ Kd7 42. g4 hxg4 43. hxg4 b5 44. Rd2 Bxd2 0-1

[Event "BCF-ch Seniors 50 U150"]
[Site "Coventry"]
[Date "2015.07.29"]
[Round "3"]
[White "Stanley, Nigel E"]
[Black "Fraser, Alan R"]
[Result "1-0"]
[WhiteElo "147"]
[BlackElo "1433"]
[PlyCount "89"]
[EventDate "2015.07.27"]
[EventType "swiss"]
[EventRounds "5"]
[EventCountry "ENG"]
[SourceTitle "CBM 167 Extra"]
[Source "ChessBase"]
[SourceDate "2015.09.14"]
[SourceVersion "1"]
[SourceVersionDate "2015.09.14"]
[SourceQuality "1"]

1. e4 e5 2. Nf3 Nc6 3. Bb5 a6 4. Ba4 Nf6 5. d3 b5 6. Bb3 Be7 7. c3 0-0 8. 0-0 d6 9. h3 Na5 10. Bc2 c5 11. Re1 Nc6 12. Nbd2 Bd7 13. Nf1 Rb8 14. Ne3 Re8 15. d4 c4 16. d5 Na7 17. Nh2 g6 18. Qf3 Kh8 19. Neg4 Nxg4 20. Nxg4 Bxg4 21. hxg4 Bg5 22. Qxf7 Bxc1 23. Raxc1 Nc8 24. Qf3 Rf8 25. Qe3 Rf4 26. f3 Nb6 27. g3 Rf8 28. Kg2 Nd7 29. Rh1 Rb7 30. g5 Nc5 31. f4 Nd3 32. Bxd3 cxd3 33. fxe5 dxe5 34. Rhf1 Rbf7 35. Rxf7 Rxf7 36. Rd1 Qf8 37. Rxd3 Rf1 38. Rd2 Ra1 39. Rf2 Qe7 40. a3 Kg7 41. Qf3 Ra2 42. Qf6+ Qxf6 43. gxf6+ Kf7 44. d6 Ra1 45. Rd2 1-0